Quinceanera means sweet 15 / (Record no. 3487)

MARC details
000 -LEADER
fixed length control field 00805nam a22002177a 4500
001 - CONTROL NUMBER
control field 3487
003 - CONTROL NUMBER IDENTIFIER
control field FISKH
005 - DATE AND TIME OF LATEST TRANSACTION
control field 20240312150900.0
008 - FIXED-LENGTH DATA ELEMENTS--GENERAL INFORMATION
fixed length control field 240312b cb ||||| |||| 00| 0 eng d
040 ## - CATALOGING SOURCE
Original cataloging agency FISK
Language of cataloging eng
Transcribing agency FISK
Modifying agency FISK
100 ## - MAIN ENTRY--PERSONAL NAME
Personal name Chambers Veronica
Dates associated with a name 1970-
245 ## - TITLE STATEMENT
Title Quinceanera means sweet 15 /
Remainder of title
Statement of responsibility, etc. Veronica Chambers
260 ## - PUBLICATION, DISTRIBUTION, ETC.
Place of publication, distribution, etc. New York :
Name of publisher, distributor, etc. Scholastic,
Date of publication, distribution, etc. 2002
300 ## - PHYSICAL DESCRIPTION
Extent 189 pages :
Dimensions 20 cm
505 ## - FORMATTED CONTENTS NOTE
Formatted contents note O
520 ## - SUMMARY, ETC.
Summary, etc. Eagerly anticipating her Quinceañera, the fifteenth birthday celebration that will signify her adulthood, Marisol is troubled by a lack of money, her mother's new boyfriend, changes in her best friend, and the absence of the father she never knew.
521 8# - TARGET AUDIENCE NOTE
Target audience note 630
Source Lexile
700 ## - ADDED ENTRY--PERSONAL NAME
Personal name Veronica Chambers
942 ## - ADDED ENTRY ELEMENTS (KOHA)
Source of classification or shelving scheme Dewey Decimal Classification
Koha item type Books
Suppress in OPAC No
Holdings
Withdrawn status Lost status Source of classification or shelving scheme Damaged status Not for loan Collection Home library Current library Shelving location Date acquired Total Checkouts Full call number Barcode Date last seen Copy number Price effective from Koha item type
    Dewey Decimal Classification     Fiction Footprints International School Library Network Toul Kork Campus Footprints International School Library Network Toul Kork Campus   03/12/2024   CHA PZ7.C3575 303 2024-0311 03/12/2024 1 03/12/2024 Books